00755nam a2200205Ia 4500003000900000008004100009040001600050080001300066100002500079245011300104260004600217300001600263650004100279650003200320650002500352650001800377942000700395999001500402952013200417IN-BaIIA211028s9999 xx 000 0 eng d cIIA Library a533bGIN aGinzburg, V. L94051 0aPropagation of electromagnetic waves in plasmacV. L. Ginzburg  aNew YorkbGordon and Breach Sciencec1961 axxiv, 822p. aAstronomy and astrophysics thesaurus aElectromagnetic waves92401 aPlasma physics93732 aPlasmas91898 cBK c2252d2252 00104070aBANbBANcGENd0000-00-00g135.00l1m2o533/ GINp2522r2026-01-07s2026-01-07v135.00w0000-00-00yBKGRs. 135.00